000 00956nam a22002297a 4500
005 20210325174601.0
008 s2535 th tha d
020 _a9744172622
041 _atha
050 _aPL4205.5 ศ528ว 2535
245 1 0 _aวรรณกรรมสมัยรัตนโกสินทร์ เล่ม 2 (หมวดศาสนจักร) : ไตรภูมิโลกวินิจฉยกถา
260 3 _aกรุงเทพฯ :
_bกรมศิลปากร,
_c2535
300 _a1214 หน้า :
_b ภาพประกอบ ;
_c 25 ซม.
650 0 4 _aวรรณกรรมพุทธศาสนา
650 0 4 _aวรรณกรรมไทย -- สมัยรัตนโกสินทร์
650 0 4 _aวรรณคดีไทย
650 0 4 _aไตรภูมิ
850 _aNALT
942 _cGB
997 _c000000000004425
998 _aSOPAPORN
999 _c4425
_d4425